धाराशिव ते उस्मानाबाद (Record no. 72386)

MARC details
000 -LEADER
fixed length control field 00674nam a2200181Ia 4500
008 - FIXED-LENGTH DATA ELEMENTS--GENERAL INFORMATION
fixed length control field 090123s9999 xx 000 0 und d
082 ## - DEWEY DECIMAL CLASSIFICATION NUMBER
Item number 34332
100 ## - MAIN ENTRY--PERSONAL NAME
Personal name गजेंद्रगडकर भारत
245 ## - TITLE STATEMENT
Title धाराशिव ते उस्मानाबाद
250 ## - EDITION STATEMENT
Edition statement 0
260 ## - PUBLICATION, DISTRIBUTION, ETC. (IMPRINT)
Name of publisher, distributor, etc ग्रंथाली प्रकाशन
Date of publication, distribution, etc 2002
300 ## - PHYSICAL DESCRIPTION
Extent 73
600 ## - SUBJECT ADDED ENTRY--PERSONAL NAME
Personal name गजेंद्रगडकर भारत
630 ## - SUBJECT ADDED ENTRY--UNIFORM TITLE
Uniform title धाराशिव ते उस्मानाबाद
700 ## - ADDED ENTRY--PERSONAL NAME
Personal name गजेंद्रगडकर भारत
730 ## - ADDED ENTRY--UNIFORM TITLE
Uniform title धाराशिव ते उस्मानाबाद
942 ## - ADDED ENTRY ELEMENTS (KOHA)
Koha item type Book
Holdings
Withdrawn status Lost status Damaged status Not for loan Home library Current library Date acquired Cost, normal purchase price Total Checkouts Full call number Barcode Date last seen Cost, replacement price Price effective from Koha item type
        Jawahar Wachalanalaya, Kalwa Jawahar Wachalanalaya, Kalwa 09/13/2002 45.00   34332 KLW-34332 01/23/2009 45.00 01/23/2009 Book